Members of the Red Hot Chili Peppers - Statistics

General Stats
  • This quiz has been taken 822 times
  • The average score is 8 of 14
Answer Stats
Hint Answer % Correct
1983-Present Flea
99%
1983-1986, 1986-Present Anthony Kiedis
94%
1988-Present Chad Smith
93%
1988-1992, 1998-2008 John Frusciante
88%
1983, 1985-1988 Hillel Slovak
78%
1993-1998 Dave Navarro
71%
2009-Present Josh Klinghoffer
71%
1983, 1986-1988 Jack Irons
59%
1983-1986 Cliff Martinez
30%
1983-1984 Jack Sherman
28%
1992-1993 Arik Marshall
24%
1988 D.H. Peligro
21%
1988 DeWayne McKnight
18%
1993 Jesse Tobias
15%
No matching quizzes found
Score Distribution
Percent of People with Each Score
Percentile by Number Answered
Your Score History
You have not taken this quiz